|
|
|
|
| LEADER |
01422nam a2200385 a 4500 |
| 001 |
000758886 |
| 003 |
CZ BrMZK |
| 005 |
20050225110758.0 |
| 007 |
ta |
| 008 |
050111s2004 xr a erb 000 0 cze d |
| 015 |
|
|
|a cnb001493002
|
| 020 |
|
|
|a 80-239-4180-1
|q (kroužková vazba)
|
| 035 |
|
|
|a (OCoLC)85132078
|
| 040 |
|
|
|a BOA001
|b cze
|
| 043 |
|
|
|a e-xr---
|b e-xr-jm
|2 czenas
|
| 072 |
|
7 |
|a 72
|x Architektura
|2 Konspekt
|9 21
|
| 072 |
|
7 |
|a 01
|x Bibliografie. Katalogy
|2 Konspekt
|9 12
|
| 080 |
|
|
|a 72:904
|2 MRF
|
| 080 |
|
|
|a 94(437.322)
|2 MRF
|
| 080 |
|
|
|a 908(437.322)
|2 MRF
|
| 080 |
|
|
|a 019.922
|2 MRF
|
| 100 |
1 |
|
|a Čech, Jaroslav,
|d 1974-
|7 mzk2005266286
|4 aut
|
| 245 |
1 |
0 |
|a Zámecký areál v Lednici :
|b výběrová bibliografie z fondu MěK Břeclav /
|c [zpracoval Jaroslav Čech]
|
| 260 |
|
|
|a Břeclav:
|b Městská knihovna,
|c 2004
|
| 300 |
|
|
|a 21 s. :
|b barev. il. ;
|c 30 cm
|
| 500 |
|
|
|a 15 výt.
|
| 650 |
0 |
7 |
|a architektonické památky
|7 ph118585
|z Česko
|2 czenas
|
| 655 |
|
7 |
|a výběrové bibliografie
|7 fd186981
|2 czenas
|
| 651 |
|
7 |
|a Lednicko-valtický areál (Česko)
|7 ge129775
|x dějiny
|2 czenas
|
| 651 |
|
7 |
|a Lednicko-valtický areál (Česko)
|7 ge129775
|x vlastivěda
|2 czenas
|
| 651 |
|
7 |
|a Morava jižní (Česko)
|7 ge130073
|2 czenas
|
| 910 |
|
|
|a BOA001
|b 3-1145.201
|
| 990 |
|
|
|a BK
|
| 991 |
|
|
|b 200502
|c NOV
|
| 996 |
6 |
|
|b 2610239044
|c 3-1145.201
|l MZK
|r Sklad / do 1 hodiny
|n 7
|p p.v.
|w 000758886
|u 000010
|a 1
|e BOA001
|j MZK50
|s P
|